| 000 | 00438nam a22001697a 4500 | ||
|---|---|---|---|
| 005 | 20260413162711.0 | ||
| 008 | 160613b xxu||||| |||| 00| 0 eng d | ||
| 020 | _a9780140080797 | ||
| 041 | _aeng | ||
| 082 | _a823.912 | ||
| 100 |
_aP. G. Wodehouse _98919 |
||
| 245 | _aThe Pothunters and Other School Stories | ||
| 260 |
_aNew Delhi _bPenguin Books India (p) Ltd. |
||
| 300 | _a380 | ||
| 650 |
_aEnglish fiction _98925 |
||
| 942 | _cBK | ||
| 999 |
_c2449 _d2448 |
||